| 000 | 00000nam 2200000za 4500 |
| 001 | 9.832682 |
| 003 | CaOODSP |
| 005 | 20221107150035 |
| 007 | cr ||||||||||| |
| 008 | 170301s2017 onc o f000 0 eng d |
| 040 | |aCaOODSP|beng |
| 043 | |an-cn--- |
| 086 | 1 |aRv47-1/2016E-PDF |
| 245 | 00|aSeasonal Agricultural Workers Program |h[electronic resource]. |
| 250 | |aRev. 2017. |
| 260 | |a[Ottawa] : |bCanada Revenue Agency, |c[2017] |
| 300 | |a13 p. |
| 500 | |aIssued also in French under title: Programme des travailleurs agricoles saisonniers. |
| 500 | |aCover title. |
| 520 | |a“This guide has information employers and liaison officers need to help foreign workers employed in Canada under the Seasonal Agricultural Workers Program meet their tax obligations in Canada. A liaison officer is a foreign government official, usually working at an embassy or a consulate in Canada, who is responsible for administering the Seasonal Agricultural Workers Program for workers from that country”--p. [2]. |
| 610 | 20|aSeasonal Agricultural Workers Program (Canada) |
| 692 | 07|2gccst|aAgricultural workers |
| 692 | 07|2gccst|aTaxes |
| 710 | 2 |aCanada Revenue Agency. |
| 775 | 08|tProgramme des travailleurs agricoles saisonniers |w(CaOODSP)9.832684 |
| 856 | 40|qPDF|s153 KB|uhttps://publications.gc.ca/collections/collection_2017/arc-cra/Rv47-1-2016-eng.pdf |
| 986 | |aRC4004(E) |